Nové prístupy k rozpočtovaniu v podnikoch
Charakteristika plánovania ako hlavného cieľa riadenia podniku. Zostavenie rozpočtov, ich koncepcia a vypovedacia schopnosť. Ciele a nedostatky rozpočtovania.
Guardado en:
| Autor principal: | |
|---|---|
| Formato: | Capítulo de libro |
| Lenguaje: | eslovaco |
| Materias: | |
| Etiquetas: |
Sin Etiquetas, Sea el primero en etiquetar este registro!
|
MARC
| LEADER | 00000naa$a2200000$$$4500 | ||
|---|---|---|---|
| 001 | 0064109 | ||
| 005 | 20240502071741.5 | ||
| 041 | 0 | |a slo | |
| 044 | |a SK | ||
| 245 | 1 | 0 | |a Nové prístupy k rozpočtovaniu v podnikoch |c Miroslav Tóth |
| 520 | |a Charakteristika plánovania ako hlavného cieľa riadenia podniku. Zostavenie rozpočtov, ich koncepcia a vypovedacia schopnosť. Ciele a nedostatky rozpočtovania. | ||
| 610 | 2 | 0 | |a podnik |
| 610 | 2 | 0 | |a rozpočty |
| 610 | 2 | 0 | |a plánovanie |
| 610 | 2 | 0 | |a ciele podnikové |
| 100 | 1 | |a Tóth, Miroslav, 1961- | |